Harry Potter Foursomes Quiz Stats

Quiz Updated Jun 28, 2017

Challenge
Share
Tweet
Embed
Score 0/48 Timer 07:00
16 Plays Today
% Correct
Hufflepuff
97.9%
Ravenclaw
97.7%
Harry Potter
97.5%
Slytherin
97.5%
Gryffindor
95.3%
Cedric Diggory
94%
Prongs
93.6%
Nearly Headless Nick
93.5%
Padfoot
93.4%
Viktor Krum
93%
Dobby
92.6%
Fleur Delacour
92.1%
Wormtail
90.8%
Severus Snape
90.7%
Dudley
90.6%
Potions
90.5%
Moony
89.4%
Petunia
88%
Vernon
87%
Minerva McGonagall
86.2%
Godric
83.8%
Transfiguration
82.8%
Bloody Baron
82.4%
Cornelius Fudge
81.5%
% Correct
Filius Flitwick
81.2%
Kreacher
80.9%
Salazar
80.3%
Herbology
79.3%
Charms
79.1%
Pomona Sprout
78.6%
Rowena
77.8%
Marge
77%
Helga
76.3%
Grey Lady
75.4%
Winky
68.5%
Wizarding
66.4%
Fat Friar
62.6%
Rufus Scrimgeour
62.2%
Hungarian Horntail
61.9%
Tests
59.8%
Kingsley Shacklebolt
55.5%
Chinese Fireball
48%
Exhausting
45.9%
Nastily
45.2%
Hokey
42.2%
Pius Thicknesse
41.9%
Common Welsh Green
38.7%
Swedish Short-Snout
32.3%

You're not logged in!

Compare scores with friends on all Sporcle quizzes.
Sign Up with Email
OR
Log In

You Might Also Like...

Show Comments

Extras

Top Quizzes Today


Score Distribution

Your Account Isn't Verified!

In order to create a playlist on Sporcle, you need to verify the email address you used during registration. Go to your Sporcle Settings to finish the process.